Fundamentals of Ethics,Corporate Governance and Business Law (Record no. 5605)
[ view plain ]
| 005 - DATE AND TIME OF LATEST TRANSACTION | |
|---|---|
| control field | 20250627114830.0 |
| 020 ## - INTERNATIONAL STANDARD BOOK NUMBER | |
| International Standard Book Number | 978-0-7506-8493-4 |
| 082 ## - DEWEY DECIMAL CLASSIFICATION NUMBER | |
| Classification number | 346.42 SAG |
| 100 ## - MAIN ENTRY--PERSONAL NAME | |
| Author name | SAGAR,D. |
| 245 ## - TITLE STATEMENT | |
| Title | Fundamentals of Ethics,Corporate Governance and Business Law |
| 260 ## - PUBLICATION, DISTRIBUTION, ETC. | |
| Place of publication, distribution, etc. | Burlington, |
| Name of publisher, distributor, etc. | Elsevier Ltd, |
| Date of publication, distribution, etc. | 2007. |
| 300 ## - PHYSICAL DESCRIPTION | |
| Extent | xvii,518p.:ill.; figures |
| Other physical details | Index |
| Dimensions | 30cm |
| 700 ## - ADDED ENTRY--PERSONAL NAME | |
| Other authors/Editors | Mead, Larry |
| 700 ## - ADDED ENTRY--PERSONAL NAME | |
| Other authors/Editors | Bampton,Kevin |
| 942 ## - ADDED ENTRY ELEMENTS (KOHA) | |
| Source of classification or shelving scheme | Dewey Decimal Classification |
| Koha item type | Books |
| Date last seen | Total checkouts | Full call number | Barcode | Cost, replacement price | Price effective from | Koha item type | Lost status | Source of classification or shelving scheme | Damaged status | Not for loan | Withdrawn status | Home library | Current library | Shelving location | Date acquired | Source of acquisition | Cost, normal purchase price |
|---|---|---|---|---|---|---|---|---|---|---|---|---|---|---|---|---|---|
| 06/27/2025 | 346.42 SAG | MZA0002580 | 240000.00 | 06/27/2025 | Books | Dewey Decimal Classification | CBE Mwanza | CBE Mwanza | General Collection | 07/26/2017 | TLSB Donation | 80000.00 | |||||
| 06/27/2025 | 346.42 SAG | MZA0002581 | 240000.00 | 06/27/2025 | Books | Dewey Decimal Classification | CBE Mwanza | CBE Mwanza | General Collection | 07/26/2017 | TLSB Donation | 80000.00 |
